[Event "BCF-chT 2122 (4NCL)"]
[Site "England"]
[Date "2022.04.30"]
[Round "7.125"]
[White "Parker, Francis"]
[Black "Scott, Gordon W"]
[Result "0-1"]
[WhiteElo "2028"]
[BlackElo "2224"]
[PlyCount "34"]
[EventDate "2021.11.27"]
[EventType "team-swiss"]
[EventRounds "11"]
[EventCountry "ENG"]
[SourceTitle "EXT 2023"]
[Source "ChessBase"]
[SourceDate "2022.10.05"]
[SourceVersion "1"]
[SourceVersionDate "2022.10.05"]
[SourceQuality "1"]
[WhiteTeam "Check Innmates"]
[BlackTeam "Anglian Avengers"]
[WhiteTeamCountry "ENG"]
[BlackTeamCountry "ENG"]

1. f4 d5 2. Nf3 Nf6 3. c4 d4 4. b4 Qd6 5. Bb2 Qxb4 6. Bxd4 Qxc4 7. Nc3 Qc6 8. e3 Qd7 9. Bc4 e6 10. f5 Nc6 11. fxe6 fxe6 12. 0-0 Be7 13. Ne2 0-0 14. Nf4 Qd6 15. Ng5 Nxd4 16. Ngxe6 Bxe6 17. Bxe6+ Nxe6 0-1

[Event "BCF-chT 2122 (4NCL)"]
[Site "England"]
[Date "2022.02.13"]
[Round "4.137"]
[White "Milson, Samuel"]
[Black "Parker, Francis"]
[Result "1/2-1/2"]
[WhiteElo "2063"]
[BlackElo "2028"]
[PlyCount "96"]
[EventDate "2021.11.27"]
[EventType "team-swiss"]
[EventRounds "11"]
[EventCountry "ENG"]
[SourceTitle "EXT 2023"]
[Source "ChessBase"]
[SourceDate "2022.10.05"]
[SourceVersion "1"]
[SourceVersionDate "2022.10.05"]
[SourceQuality "1"]
[WhiteTeam "The Sharks II"]
[BlackTeam "Check Innmates"]
[WhiteTeamCountry "ENG"]
[BlackTeamCountry "ENG"]

1. e4 e5 2. Nf3 Nc6 3. Bc4 Nf6 4. d4 exd4 5. e5 d5 6. Bb5 Ne4 7. Nxd4 Bc5 8. Be3 Bd7 9. Bxc6 bxc6 10. 0-0 0-0 11. f3 Ng5 12. f4 Ne4 13. Nd2 f5 14. Nxe4 fxe4 15. Qh5 Qe7 16. b4 Bxb4 17. e6 Bxe6 18. Nxc6 Qd6 19. Nxb4 Qxb4 20. Rab1 Qc3 21. Rb3 Qf6 22. Bc5 Rf7 23. Rg3 g6 24. Qd1 Qh4 25. Qd2 Rd8 26. Bd4 Bc8 27. Qa5 c6 28. Rg5 Rdf8 29. g3 Qh3 30. c4 Qe6 31. Re5 Qd7 32. cxd5 Rd8 33. Bb2 cxd5 34. Rd1 Qc7 35. Qd2 Bg4 36. Rc1 Qb6+ 37. Bd4 Qb7 38. a4 h5 39. h4 Qb3 40. Kh2 Qxa4 41. Rc5 Qb3 42. f5 Qd3 43. Qf2 Rxf5 44. Rxf5 Bxf5 45. Rc7 e3 46. Bxe3 Re8 47. Qb2 d4 48. Bf2 Qe4 1/2-1/2

[Event "BCF-chT 2122 (4NCL)"]
[Site "England"]
[Date "2021.11.28"]
[Round "2.145"]
[White "Dunn, Andrew"]
[Black "Parker, Francis"]
[Result "1-0"]
[WhiteElo "2080"]
[BlackElo "2028"]
[PlyCount "77"]
[EventDate "2021.11.27"]
[EventType "team-swiss"]
[EventRounds "11"]
[EventCountry "ENG"]
[SourceTitle "EXT 2023"]
[Source "ChessBase"]
[SourceDate "2022.10.05"]
[SourceVersion "1"]
[SourceVersionDate "2022.10.05"]
[SourceQuality "1"]
[WhiteTeam "North East England"]
[BlackTeam "Check Innmates"]
[WhiteTeamCountry "ENG"]
[BlackTeamCountry "ENG"]

1. d4 d5 2. c4 c6 3. Nf3 e6 4. e3 Nd7 5. Nc3 Bd6 6. e4 dxe4 7. Nxe4 Bb4+ 8. Bd2 Qe7 9. c5 Bxd2+ 10. Qxd2 Ngf6 11. Nd6+ Kf8 12. Ng5 b6 13. Ngxf7 bxc5 14. dxc5 Rg8 15. Rc1 Ne4 16. Nxe4 Qxf7 17. Qd6+ Qe7 18. Bd3 Nf6 19. 0-0 Bd7 20. Nxf6 gxf6 21. Bxh7 Rg7 22. Be4 Rc8 23. f4 Ke8 24. Qxe7+ Kxe7 25. b4 Rh8 26. Rf2 Rg4 27. g3 Rb8 28. Rb1 Rbg8 29. b5 e5 30. bxc6 exf4 31. Bf3 R4g5 32. cxd7 fxg3 33. Re2+ Kxd7 34. c6+ Kc8 35. hxg3 Rxg3+ 36. Rg2 Rxg2+ 37. Bxg2 Rg5 38. Rb7 Ra5 39. Bh3+ 1-0

[Event "BCF-chT2a 1920 (4NCL)"]
[Site "Daventry"]
[Date "2020.02.08"]
[Round "5.35"]
[White "Parker, Francis"]
[Black "Myall, Ivan J"]
[Result "1-0"]
[WhiteElo "2005"]
[BlackElo "2001"]
[PlyCount "63"]
[EventDate "2020.01.11"]
[EventType "team-tourn"]
[EventRounds "11"]
[EventCountry "ENG"]
[SourceTitle "CBM 194 Extra"]
[Source "ChessBase"]
[SourceDate "2020.03.31"]
[SourceVersion "1"]
[SourceVersionDate "2020.03.31"]
[SourceQuality "1"]
[WhiteTeam "Check Innmates"]
[BlackTeam "Anglian Avengers"]
[WhiteTeamCountry "ENG"]
[BlackTeamCountry "ENG"]

1. Nf3 d5 2. d4 Nf6 3. Bg5 e6 4. e3 c6 5. Bd3 Nbd7 6. Nbd2 Qb6 7. Rb1 h6 8. Bf4 Be7 9. c3 0-0 10. g4 Nxg4 11. Rg1 e5 12. dxe5 Nc5 13. Bc2 f6 14. b4 Ne4 15. Nxe4 dxe4 16. Bxe4 fxe5 17. Nxe5 Nxe5 18. Bxe5 Bf6 19. Qh5 Qd8 20. Rxg7+ Bxg7 21. Bxg7 Qe7 22. Be5 Qf7 23. Qh4 Bf5 24. Qg3+ Qg6 25. Qxg6+ Bxg6 26. Bxg6 Rad8 27. f4 Rd7 28. Ke2 Rfd8 29. Bd4 b6 30. Bf5 Rd6 31. Rg1+ Kf8 32. Kf3 1-0

[Event "BCF-chT3S 1819 (4NCL) Promotion pool"]
[Site "England"]
[Date "2019.05.05"]
[Round "10.15"]
[White "Parker, Francis"]
[Black "Way, Julian M"]
[Result "1/2-1/2"]
[WhiteElo "1998"]
[BlackElo "1973"]
[PlyCount "44"]
[EventDate "2019.04.14"]
[EventType "team-tourn"]
[EventRounds "11"]
[EventCountry "ENG"]
[SourceTitle "EXT 2021"]
[Source "ChessBase"]
[SourceDate "2020.10.23"]
[SourceVersion "1"]
[SourceVersionDate "2020.10.23"]
[SourceQuality "1"]
[WhiteTeam "Check Innmates"]
[BlackTeam "Surbiton"]
[WhiteTeamCountry "ENG"]
[BlackTeamCountry "ENG"]

1. f4 g6 2. Nf3 Bg7 3. c3 d6 4. e4 Nf6 5. e5 Nd5 6. d4 0-0 7. Bd3 Na6 8. 0-0 c5 9. Be4 Nb6 10. Nbd2 Rb8 11. Qe1 cxd4 12. cxd4 dxe5 13. fxe5 Nb4 14. Nb3 Nc6 15. Qh4 f6 16. Bh6 Nd5 17. Rad1 b6 18. exf6 exf6 19. Ne5 Nce7 20. Bxg7 Kxg7 21. Bxd5 Qxd5 22. Ng4 Bxg4 1/2-1/2

[Event "BCF-chT3Sa 1819 (4NCL)"]
[Site "England"]
[Date "2019.04.13"]
[Round "7.24"]
[White "Parker, Francis"]
[Black "Cresswell, Mike J"]
[Result "1-0"]
[WhiteElo "1998"]
[BlackElo "1695"]
[PlyCount "139"]
[EventDate "2018.11.17"]
[EventType "team-tourn"]
[EventRounds "7"]
[EventCountry "ENG"]
[SourceTitle "EXT 2021"]
[Source "ChessBase"]
[SourceDate "2020.10.23"]
[SourceVersion "1"]
[SourceVersionDate "2020.10.23"]
[SourceQuality "1"]
[WhiteTeam "Check Innmates"]
[BlackTeam "CSC II"]
[WhiteTeamCountry "ENG"]
[BlackTeamCountry "ENG"]

1. f4 Nf6 2. Nf3 g6 3. b4 Bg7 4. Bb2 d5 5. e3 Bg4 6. c4 0-0 7. Be2 c6 8. 0-0 Nbd7 9. a4 Nb6 10. Na3 dxc4 11. Nxc4 Nxc4 12. Bxc4 Nh5 13. Bxg7 Nxg7 14. Qb3 Be6 15. Bxe6 Nxe6 16. f5 Ng7 17. fxg6 hxg6 18. e4 Ne6 19. Kh1 Qd6 20. Qe3 Qf4 21. Qc3 Qf6 22. Ne5 Qg7 23. Qg3 Rad8 24. d3 Rd4 25. b5 c5 26. Rf3 c4 27. dxc4 Rxe4 28. Re1 Rxe1+ 29. Qxe1 Nd4 30. Rh3 Rd8 31. Ng4 Nc2 32. Qc1 Qd4 33. Nh6+ Kf8 34. Rf3 Qd1+ 35. Rf1 Qxc1 36. Rxc1 Kg7 37. Ng4 Rd4 38. c5 Rc4 39. c6 bxc6 40. Ne5 Rc5 41. Nxc6 Rc4 42. Kg1 Kf8 43. Nxa7 Rxa4 44. b6 Rb4 45. Rxc2 Rxb6 46. Rc8+ Kg7 47. Rc7 e5 48. Kf2 Rf6+ 49. Ke2 Kh6 50. Re7 Rf5 51. Nc6 f6 52. Nd8 Rf4 53. Ne6 Ra4 54. g3 g5 55. Nf8 g4 56. Rh7+ Kg5 57. Rg7+ Kf5 58. Rd7 Ra2+ 59. Rd2 Rxd2+ 60. Kxd2 Ke4 61. Nd7 f5 62. Ke2 f4 63. Nc5+ Kf5 64. Nd3 fxg3 65. hxg3 Kf6 66. Nf2 Kg5 67. Ke3 Kf5 68. Kd3 Kg5 69. Ke4 Kf6 70. Nxg4+ 1-0

[Event "BCF-chT4S 1718 (4NCL)"]
[Site "England"]
[Date "2018.02.10"]
[Round "5.83"]
[White "Cresswell, Mike J"]
[Black "Parker, Francis"]
[Result "0-1"]
[WhiteElo "1700"]
[BlackElo "1977"]
[PlyCount "114"]
[EventDate "2017.11.11"]
[EventType "team-swiss"]
[EventRounds "11"]
[EventCountry "ENG"]
[SourceTitle "EXT 2020"]
[Source "ChessBase"]
[SourceDate "2019.10.17"]
[SourceVersion "1"]
[SourceVersionDate "2019.10.17"]
[SourceQuality "1"]
[WhiteTeam "CSC Dragons III"]
[BlackTeam "Brown Jack II"]
[WhiteTeamCountry "ENG"]
[BlackTeamCountry "ENG"]

1. e4 e5 2. Nf3 Nc6 3. d4 exd4 4. c3 d5 5. Bd3 Bg4 6. 0-0 Nf6 7. exd5 Qxd5 8. Qe1+ Be7 9. Nxd4 Nxd4 10. cxd4 Qxd4 11. Bc2 Be6 12. Nc3 0-0 13. Be3 Qh4 14. f4 Ng4 15. Qxh4 Bxh4 16. Bc5 Bc4 17. Rfd1 Rfd8 18. Bf5 Nh6 19. Be4 c6 20. Bd4 Ng4 21. g3 Be7 22. Kg2 Nf6 23. Bf3 Nd5 24. Nxd5 Bxd5 25. Bxd5 Rxd5 26. Bc3 Rad8 27. Rxd5 Rxd5 28. Re1 Kf8 29. Kf3 f6 30. g4 Rd3+ 31. Re3 Rd1 32. Re1 Rxe1 33. Bxe1 Bc5 34. f5 Ke7 35. Ke4 b6 36. a4 Bd6 37. h3 Be5 38. b3 Kd6 39. Bb4+ c5 40. Bd2 a6 41. g5 fxg5 42. Bxg5 Bf6 43. Bf4+ Kc6 44. Bd2 b5 45. Be1 c4 46. axb5+ Kxb5 47. bxc4+ Kxc4 48. Ba5 Kb5 49. Bc7 a5 50. Bd6 Kc4 51. Kf4 a4 52. Kg4 Kd5 53. Ba3 Ke4 54. Bc1 h5+ 55. Kxh5 Kxf5 56. h4 g6+ 57. Kh6 Bxh4 0-1

[Event "BCF-chT4S 1617 (4NCL)"]
[Site "England"]
[Date "2017.05.01"]
[Round "11.34"]
[White "Hall, Antony C"]
[Black "Parker, Francis"]
[Result "1/2-1/2"]
[WhiteElo "1900"]
[BlackElo "1982"]
[PlyCount "45"]
[EventDate "2016.11.26"]
[EventType "team-swiss"]
[EventRounds "11"]
[EventCountry "ENG"]
[SourceTitle "EXT 2019"]
[Source "ChessBase"]
[SourceDate "2018.10.10"]
[SourceVersion "1"]
[SourceVersionDate "2018.10.10"]
[SourceQuality "1"]
[WhiteTeam "Anglian Avengers III"]
[BlackTeam "Brown Jack II"]
[WhiteTeamCountry "ENG"]
[BlackTeamCountry "ENG"]

1. e4 e5 2. Nf3 Nc6 3. d4 exd4 4. Bc4 Nf6 5. 0-0 Nxe4 6. Re1 d5 7. Bxd5 Qxd5 8. Nc3 Qh5 9. Nxe4 Be6 10. Bg5 h6 11. Bf6 Be7 12. Bxe7 Kxe7 13. Nxd4 Qxd1 14. Nxc6+ bxc6 15. Raxd1 Rhd8 16. Rxd8 Rxd8 17. Nc5 Rd2 18. Nxe6 fxe6 19. Rc1 e5 20. Kf1 e4 21. Re1 Rxc2 22. Rxe4+ Kd6 23. Re2 1/2-1/2

[Event "BCF-chT4S 1617 (4NCL)"]
[Site "England"]
[Date "2017.03.19"]
[Round "8.24"]
[White "Parker, Francis"]
[Black "Perrett, David C"]
[Result "1-0"]
[WhiteElo "1936"]
[BlackElo "1957"]
[PlyCount "121"]
[EventDate "2016.11.26"]
[EventType "team-swiss"]
[EventRounds "11"]
[EventCountry "ENG"]
[SourceTitle "EXT 2019"]
[Source "ChessBase"]
[SourceDate "2018.10.10"]
[SourceVersion "1"]
[SourceVersionDate "2018.10.10"]
[SourceQuality "1"]
[WhiteTeam "Brown Jack II"]
[BlackTeam "The Full Ponty"]
[WhiteTeamCountry "ENG"]
[BlackTeamCountry "WLS"]

1. f4 d5 2. c4 e6 3. Nf3 c6 4. b3 Qf6 5. d4 Bd6 6. e3 Qg6 7. Bd3 f5 8. Ba3 Bxa3 9. Nxa3 Nf6 10. Qd2 Ne4 11. Bxe4 fxe4 12. Ne5 Qf6 13. b4 a6 14. Rc1 0-0 15. c5 Nd7 16. 0-0 Qh4 17. g3 Qh3 18. Nc2 Nxe5 19. dxe5 Bd7 20. Nd4 Qh5 21. a4 Rfc8 22. Rb1 Qe8 23. g4 Qe7 24. Rfc1 Rc7 25. Kg2 Qh4 26. h3 Qe7 27. Kg3 g5 28. Qc3 gxf4+ 29. exf4 Rac8 30. Rb2 Rf8 31. Rf2 Rf7 32. Rcf1 Rc8 33. Kh2 Rcf8 34. a5 Qh4 35. Qe3 Bc8 36. Rg1 Kh8 37. Rgf1 Rg8 38. Rg2 Rgf8 39. Rgf2 Rg8 40. Qg3 Qxg3+ 41. Kxg3 Re8 42. Ne2 Rd7 43. Rd1 Rf7 44. Rff1 Ref8 45. Rd2 Kg8 46. Nd4 Re7 47. Kh4 Bd7 48. Rg2 Kh8 49. Kg5 Rg7+ 50. Kh5 Be8+ 51. Kh4 Bd7 52. f5 Re7 53. f6 Ref7 54. g5 Rg8 55. Kg4 h6 56. h4 Kh7 57. Kf4 hxg5+ 58. hxg5 Kg6 59. Rh1 Rh7 60. Rxh7 Kxh7 61. Rh2+ 1-0

[Event "BCF-chT4S 1617 (4NCL)"]
[Site "England"]
[Date "2017.03.18"]
[Round "7.32"]
[White "Taylor, William J"]
[Black "Parker, Francis"]
[Result "0-1"]
[WhiteElo "2035"]
[BlackElo "1936"]
[PlyCount "56"]
[EventDate "2016.11.26"]
[EventType "team-swiss"]
[EventRounds "11"]
[EventCountry "ENG"]
[SourceTitle "EXT 2019"]
[Source "ChessBase"]
[SourceDate "2018.10.10"]
[SourceVersion "1"]
[SourceVersionDate "2018.10.10"]
[SourceQuality "1"]
[WhiteTeam "West is Best II"]
[BlackTeam "Brown Jack II"]
[WhiteTeamCountry "WLS"]
[BlackTeamCountry "ENG"]

1. e4 e5 2. Nf3 Nc6 3. Bc4 Nf6 4. d3 h6 5. 0-0 d6 6. c3 Bg4 7. h3 Bh5 8. Nbd2 Qd7 9. b4 g5 10. b5 Ne7 11. d4 Ng6 12. dxe5 dxe5 13. Nb3 Bd6 14. Qd3 g4 15. hxg4 Bxg4 16. Nh2 0-0-0 17. Qe3 Kb8 18. f3 Be6 19. Bxe6 Qxe6 20. Qf2 Nf4 21. Kh1 Rhg8 22. g3 Nh3 23. Qg2 Nh5 24. Ng4 Nxg3+ 25. Qxg3 h5 26. Qxh3 hxg4 27. Qg3 gxf3 28. Qxf3 Qg6 0-1

[Event "BCF-chT4S 1617 (4NCL)"]
[Site "England"]
[Date "2017.02.11"]
[Round "5.54"]
[White "Parker, Francis"]
[Black "Breed, Greg"]
[Result "1-0"]
[WhiteElo "1912"]
[BlackElo "1757"]
[PlyCount "93"]
[EventDate "2016.11.26"]
[EventType "team-swiss"]
[EventRounds "11"]
[EventCountry "ENG"]
[SourceTitle "EXT 2019"]
[Source "ChessBase"]
[SourceDate "2018.10.10"]
[SourceVersion "1"]
[SourceVersionDate "2018.10.10"]
[SourceQuality "1"]
[WhiteTeam "Brown Jack II"]
[BlackTeam "Cambridge University III"]
[WhiteTeamCountry "ENG"]
[BlackTeamCountry "ENG"]

1. f4 g5 2. fxg5 e5 3. d4 e4 4. Nc3 d5 5. Bf4 c6 6. e3 Bd6 7. Qh5 Bf5 8. Be2 Bxf4 9. exf4 Nd7 10. 0-0-0 Bg6 11. Qh3 Qc7 12. Rf1 f5 13. Bh5 Qd6 14. g4 Ne7 15. gxf5 Nxf5 16. Bg4 Rf8 17. Nge2 0-0-0 18. Nd1 Rf7 19. Qg2 h5 20. Bxf5 Bxf5 21. Ne3 Rdf8 22. Ng3 Bg4 23. Nxg4 hxg4 24. f5 Rg7 25. Qd2 Rfg8 26. g6 Rh8 27. Qg5 Nf6 28. Qe3 Rh3 29. Rf2 Qf8 30. Qf4 Qe7 31. Rg1 Rh8 32. Nf1 Kd7 33. Ne3 Qd6 34. Nxg4 Qxf4+ 35. Rxf4 Ke7 36. Nxf6 Kxf6 37. h4 Rgg8 38. Kd2 Rh5 39. Ke3 Rxf5 40. Rxf5+ Kxf5 41. h5 Rg7 42. a4 a5 43. b3 b6 44. Rh1 Rg8 45. Rg1 Rg7 46. c4 Ke6 47. h6 1-0